000 00778cam a22002533a 4500
001 23643
003 PGUSA
005 20140828083514.0
008 071127s2007||||xxu|||||s|||||000 1 eng d
040 _aPGUSA
_beng
042 _adc
050 4 _aPR
100 1 _aHewlett, Maurice,
_d1861-1923
245 1 0 _aGudrid the Fair :
_bA Tale of the Discovery of America
_h[electronic resource] /
_cMaurice Hewlett
260 _bProject Gutenberg,
_c2007
506 _aPublic domain in the USA.
516 _aElectronic text
653 _aDiscoveries in geography -- Fiction
653 _aNorthmen -- Fiction
653 _aAmerica -- Discovery and exploration -- Fiction
830 0 _aProject Gutenberg
_v23643
856 4 0 _uhttp://www.gutenberg.org/ebooks/23643
942 _cEB
999 _c252898
_d252898